[Event "Monarch Assurance Isle of Man 11th"]
[Site "Port Erin IOM"]
[Date "2002.10.04"]
[Round "7.19"]
[White "Palliser, Richard"]
[Black "Grant, Alan"]
[Result "1-0"]
[WhiteElo "2441"]
[BlackElo "2195"]
[PlyCount "101"]
[EventDate "2002.09.28"]
[EventType "swiss"]
[EventRounds "9"]
[EventCountry "IOM"]
[SourceTitle "BritBase"]
[SourceDate "2008.07.14"]
[SourceVersion "1"]
[SourceVersionDate "2008.07.14"]
[SourceQuality "2"]

1. d4 Nf6 2. c4 e6 3. Nf3 Bb4+ 4. Nbd2 d5 5. Qa4+ Nc6 6. a3 Be7 7. e3 O-O 8.
Bd3 a6 9. Qc2 Bd7 10. O-O h6 11. b3 dxc4 12. Nxc4 b5 13. Nce5 Nxe5 14. Nxe5 Rc8
15. Qe2 Bd6 16. Nxd7 Qxd7 17. Bb2 c5 18. dxc5 Rxc5 19. b4 Rd5 20. Rad1 Rd8 21.
Bc2 Be7 22. Rxd5 Qxd5 23. Rd1 Qa8 24. Rxd8+ Qxd8 25. Qd3 Qxd3 26. Bxd3 Kf8 27.
Kf1 Ke8 28. Ke2 Kd7 29. h3 Ne8 30. e4 f6 31. f4 Nc7 32. Bc2 Bd6 33. Kf3 e5 34.
f5 Na8 35. Bb3 Nb6 36. Kg4 Ke7 37. Kh5 Na4 38. Bxa4 bxa4 39. Kg6 Kf8 40. Bc1
Be7 41. Be3 Kg8 42. Bc5 Bd8 43. Kh5 Kf7 44. Kg4 Be7 45. Kf3 Ke8 46. Ke3 h5 47.
Kd3 Bxc5 48. bxc5 Kd7 49. Kc4 Kc6 50. g3 a5 51. h4 1-0

[Event "Monarch Assurance Isle of Man 11th"]
[Site "Port Erin IOM"]
[Date "2002.10.04"]
[Round "7.20"]
[White "Hutchinson, Norman A"]
[Black "Cooper, Lawrence"]
[Result "1/2-1/2"]
[WhiteElo "2175"]
[BlackElo "2349"]
[PlyCount "23"]
[EventDate "2002.09.28"]
[EventType "swiss"]
[EventRounds "9"]
[EventCountry "IOM"]
[SourceTitle "BritBase"]
[SourceDate "2008.07.14"]
[SourceVersion "1"]
[SourceVersionDate "2008.07.14"]
[SourceQuality "2"]

1. e4 e5 2. Nf3 Nc6 3. Bb5 a6 4. Ba4 Nf6 5. O-O Be7 6. Bxc6 dxc6 7. d3 Nd7 8.
b3 c5 9. Bb2 Bd6 10. Nbd2 b5 11. a4 Rb8 12. axb5 1/2-1/2

[Event "Monarch Assurance Isle of Man 11th"]
[Site "Port Erin IOM"]
[Date "2002.10.04"]
[Round "7.22"]
[White "Van Kemenade, Rudy"]
[Black "Dougherty, Michael"]
[Result "1-0"]
[WhiteElo "2141"]
[BlackElo "2320"]
[PlyCount "63"]
[EventDate "2002.09.28"]
[EventType "swiss"]
[EventRounds "9"]
[EventCountry "IOM"]
[SourceTitle "BritBase"]
[SourceDate "2008.07.14"]
[SourceVersion "1"]
[SourceVersionDate "2008.07.14"]
[SourceQuality "2"]

1. d4 g6 2. c4 Bg7 3. Nc3 c5 4. d5 Bxc3+ 5. bxc3 f5 6. f3 Qa5 7. Qc2 d6 8. Nh3
Nd7 9. Nf4 Ne5 10. Qb3 a6 11. e3 Rb8 12. Rb1 Nf6 13. Qa3 Qc7 14. h4 h6 15. Nd3
Nxc4 16. Qb3 b5 17. Nf4 Ne5 18. h5 g5 19. Ng6 Nxg6 20. hxg6 Kf8 21. c4 Bd7 22.
Bd3 Kg7 23. Qc2 Qc8 24. Bb2 e5 25. dxe6 Bxe6 26. g4 Rf8 27. gxf5 Bxc4 28. Rxh6
Qe8 29. Rh7+ Kg8 30. Bxc4+ bxc4 31. Qxc4+ d5 32. Qxd5+ 1-0

[Event "Monarch Assurance Isle of Man 11th"]
[Site "Port Erin IOM"]
[Date "2002.10.04"]
[Round "7.23"]
[White "Cafolla, Peter"]
[Black "Gordon, Stephen J"]
[Result "1/2-1/2"]
[WhiteElo "2109"]
[BlackElo "2159"]
[PlyCount "70"]
[EventDate "2002.09.28"]
[EventType "swiss"]
[EventRounds "9"]
[EventCountry "IOM"]
[SourceTitle "BritBase"]
[SourceDate "2008.07.14"]
[SourceVersion "1"]
[SourceVersionDate "2008.07.14"]
[SourceQuality "2"]

1. d4 Nf6 2. c4 e6 3. Nc3 Bb4 4. g3 O-O 5. Bg2 Bxc3+ 6. bxc3 d6 7. Rb1 c6 8.
Nf3 Nbd7 9. O-O Re8 10. Nd2 e5 11. e4 c5 12. Bb2 Rb8 13. h3 cxd4 14. cxd4 exd4
15. Bxd4 b6 16. Qc2 Bb7 17. Rbe1 Rc8 18. f4 Nc5 19. Re3 Ba8 20. Rfe1 Nfd7 21.
Ba1 Re7 22. Nb1 Qe8 23. Nc3 Nf6 24. Qe2 Qd7 25. Nd5 Nxd5 26. exd5 Rxe3 27. Qxe3
Kf8 28. Bf3 Rc7 29. Bg4 Qd8 30. Bf5 h6 31. Qc3 f6 32. Qc2 Re7 33. Kf2 Rxe1 34.
Kxe1 Qe7+ 35. Kf2 b5 1/2-1/2

[Event "Monarch Assurance Isle of Man 11th"]
[Site "Port Erin IOM"]
[Date "2002.10.04"]
[Round "7.24"]
[White "Purton, Ben"]
[Black "Marchand, Francois"]
[Result "1/2-1/2"]
[WhiteElo "2067"]
[BlackElo "2237"]
[PlyCount "52"]
[EventDate "2002.09.28"]
[EventType "swiss"]
[EventRounds "9"]
[EventCountry "IOM"]
[SourceTitle "BritBase"]
[SourceDate "2008.07.14"]
[SourceVersion "1"]
[SourceVersionDate "2008.07.14"]
[SourceQuality "2"]

1. e4 c6 2. d4 d5 3. exd5 cxd5 4. c4 Nf6 5. Nc3 e6 6. Nf3 Be7 7. Bd3 O-O 8. Bg5
Nc6 9. O-O dxc4 10. Bxc4 a6 11. Re1 b5 12. Bd3 Nb4 13. Bb1 {(=)} Bb7 14. a3
Nbd5 15. Qd3 g6 16. Bh6 Re8 17. Ne5 Nxc3 18. Qxc3 Rc8 19. Qh3 Bd5 20. Bd3 Nd7
21. a4 Nxe5 22. dxe5 Bc5 23. axb5 axb5 24. Rac1 {(=)} Qb6 25. Qh4 Be7 26. Qf4
Bf8 1/2-1/2

[Event "Monarch Assurance Isle of Man 11th"]
[Site "Port Erin IOM"]
[Date "2002.10.04"]
[Round "7.25"]
[White "Hanley, Craig A"]
[Black "Cross, Glenn"]
[Result "1-0"]
[WhiteElo "2331"]
[BlackElo "1992"]
[PlyCount "89"]
[EventDate "2002.09.28"]
[EventType "swiss"]
[EventRounds "9"]
[EventCountry "IOM"]
[SourceTitle "BritBase"]
[SourceDate "2008.07.14"]
[SourceVersion "1"]
[SourceVersionDate "2008.07.14"]
[SourceQuality "2"]

1. e4 c5 2. c3 e6 3. d4 d5 4. e5 Nc6 5. Nf3 Qb6 6. Bd3 Bd7 7. dxc5 Bxc5 8. O-O
f6 9. b4 Be7 10. Bf4 fxe5 11. Nxe5 Nxe5 12. Bxe5 Bf6 13. Qh5+ Ke7 14. Nd2 Bxe5
15. Qxe5 Nf6 16. Nf3 Bb5 17. Bxb5 Qxb5 18. Nd4 Qd7 19. Rfe1 Kf7 20. Nxe6 Rhe8
21. Ng5+ Kg6 22. Qg3 Qg4 23. Qxg4 Nxg4 24. Ne6 Rac8 25. Nf4+ Kf7 26. Nxd5 Nf6
27. Rxe8 Rxe8 28. Nxf6 Kxf6 29. Kf1 Rc8 30. Rc1 Ke6 31. Ke2 Rc6 32. a4 Ke7 33.
h4 Kf7 34. c4 Ke7 35. g3 Kf7 36. Kd3 Rf6 37. Rc2 Ke7 38. c5 Kd7 39. Kd4 Re6 40.
b5 Re1 41. c6+ bxc6 42. Rxc6 Rd1+ 43. Ke4 Re1+ 44. Kf4 Ra1 45. Ra6 1-0

[Event "Monarch Assurance Isle of Man 11th"]
[Site "Port Erin IOM"]
[Date "2002.10.04"]
[Round "7.26"]
[White "Fox, Anthony"]
[Black "Bennion, David A"]
[Result "1/2-1/2"]
[WhiteElo "2142"]
[BlackElo "2060"]
[PlyCount "125"]
[EventDate "2002.09.28"]
[EventType "swiss"]
[EventRounds "9"]
[EventCountry "IOM"]
[SourceTitle "BritBase"]
[SourceDate "2008.07.14"]
[SourceVersion "1"]
[SourceVersionDate "2008.07.14"]
[SourceQuality "2"]

1. e4 e5 2. Nf3 Nc6 3. Nc3 Bc5 4. Nxe5 Bxf2+ 5. Kxf2 Nxe5 6. d4 Nc6 7. Kg1 d6
8. Be2 Nh6 9. Be3 O-O 10. Qd2 Ng4 11. Bg5 f6 12. Bh4 Qe8 13. h3 Nh6 14. Re1 Kh8
15. Kh2 Bd7 16. Rhf1 Ne7 17. Bf3 Qg6 18. g4 Bc6 19. b4 Nf7 20. b5 Bd7 21. e5
dxe5 22. dxe5 Rad8 23. Qg2 Ng5 24. Bxb7 fxe5 25. Bxg5 Qxg5 26. Ne4 Qh4 27. a4
Be6 28. Qg3 Qh6 29. Rd1 Rb8 30. Nc5 Bc4 31. Rxf8+ Rxf8 32. Bg2 Ng6 33. Ne4 Nf4
34. Rd7 Nxg2 35. Kxg2 Qc1 36. Rd2 Rf1 37. Qe3 Qb1 38. Rd8+ Bg8 39. Ng3 Rc1 40.
Rd2 Rxc2 41. Qd3 Rxd2+ 42. Qxd2 Qa2 43. Qxa2 Bxa2 44. Ne2 g5 45. Nc3 Bb3 46.
Kf3 Kg7 47. Ke4 Kf6 48. Nd5+ Ke6 49. Nxc7+ Kd6 50. Ne8+ Ke7 51. Nc7 Bxa4 52.
Kxe5 Kd7 53. Nd5 Bxb5 54. Nf6+ Ke7 55. Nxh7 a5 56. Nxg5 a4 57. Kd4 Kf6 58. Ne4+
Kg6 59. h4 a3 60. Kc3 Bd7 61. g5 Be6 62. Nc5 Bf5 63. Kb3 1/2-1/2

[Event "Monarch Assurance Isle of Man 11th"]
[Site "Port Erin IOM"]
[Date "2002.10.04"]
[Round "7.27"]
[White "Lutton, E Josiah"]
[Black "Goodger, Martyn"]
[Result "0-1"]
[WhiteElo "2045"]
[BlackElo "2133"]
[PlyCount "82"]
[EventDate "2002.09.28"]
[EventType "swiss"]
[EventRounds "9"]
[EventCountry "IOM"]
[SourceTitle "BritBase"]
[SourceDate "2008.07.14"]
[SourceVersion "1"]
[SourceVersionDate "2008.07.14"]
[SourceQuality "2"]

1. Nc3 d5 2. e4 d4 3. Nce2 e5 4. Ng3 Be6 5. d3 Nc6 6. f4 Bb4+ 7. Kf2 exf4 8.
Bxf4 Nf6 9. Be2 Bd6 10. Bxd6 Qxd6 11. Nh5 Nxh5 12. Bxh5 O-O 13. Qe1 f5 14. e5
Nxe5 15. h3 g6 16. Be2 Rae8 17. Nf3 Nxf3 18. Bxf3 Bd5 19. Bxd5+ Qxd5 20. Qd2 f4
21. Rhe1 Re3 22. Kg1 Qg5 23. Qf2 c5 24. c3 f3 25. cxd4 cxd4 26. g4 Rxd3 27.
Rad1 Re3 28. Rf1 Qf4 29. Rde1 a6 30. a3 b6 31. b4 Rf7 32. a4 Kf8 33. b5 a5 34.
Kh1 Qe4 35. Kg1 Qf4 36. Kh1 Kg8 37. Kg1 h6 38. Kh1 Qe4 39. Kg1 Qf4 40. Kh1 Kg7
41. Kg1 Rfe7 0-1

[Event "Monarch Assurance Isle of Man 11th"]
[Site "Port Erin IOM"]
[Date "2002.10.04"]
[Round "7.28"]
[White "Spanton, Tim"]
[Black "Shepherd, Michael"]
[Result "1-0"]
[WhiteElo "2008"]
[BlackElo "2071"]
[PlyCount "199"]
[EventDate "2002.09.28"]
[EventType "swiss"]
[EventRounds "9"]
[EventCountry "IOM"]
[SourceTitle "BritBase"]
[SourceDate "2008.07.14"]
[SourceVersion "1"]
[SourceVersionDate "2008.07.14"]
[SourceQuality "2"]

1. e4 c5 2. c4 e6 3. Ne2 Nc6 4. d4 cxd4 5. Nxd4 Nf6 6. Nc3 a6 7. Be3 Qc7 8. Be2
Bb4 9. Qc2 Ne5 10. Bf4 O-O 11. O-O Nf3+ 12. Bxf3 Qxf4 13. g3 Qc7 14. Na4 d6 15.
Rfd1 Bd7 16. Rac1 Rac8 17. a3 Bc5 18. b4 Ba7 19. Rd3 e5 20. Ne2 b5 21. Nb2 Qb6
22. Nc3 bxc4 23. Rd5 Be6 24. Nba4 Qc6 25. Ra5 Bd4 26. Kg2 Bxc3 27. Nxc3 Rfd8
28. Rd1 h6 29. h4 Rb8 30. Qd2 Qc7 31. Rxa6 d5 32. exd5 e4 33. Nxe4 Nxd5 34. Nc5
Nxb4 35. Nxe6 Rxd2 36. Nxc7 Rxd1 37. Bxd1 Nxa6 38. Nxa6 Ra8 39. Nb4 Rxa3 40.
Kf1 Ra8 41. Ke2 Rd8 42. Bc2 Kf8 43. Ke3 Rd6 44. Be4 Rd1 45. Nc2 Ke7 46. Ke2 Rd6
{(=)} 47. Na3 Re6 48. Kf3 c3 49. Bc2 Re1 50. Nc4 Re6 51. Ne3 Kf8 52. Ke2 Rd6
53. Bd3 Rb6 54. f3 Re6 55. Be4 Rd6 56. Bd5 f5 57. f4 g5 58. hxg5 hxg5 59. fxg5
Rg6 60. Nxf5 Rxg5 61. Be4 Kf7 62. Kf3 Kf6 63. Kf4 c2 64. Bxc2 Rxg3 65. Nxg3 Ke6
66. Ke4 Kd6 67. Kd4 Kc6 68. Ba4+ Kd6 69. Bb3 Ke7 70. Ke5 Ke8 71. Nf5 Kf8 72.
Kd6 Ke8 73. Ke6 Kf8 74. Kf6 Ke8 75. Nd6+ Kf8 76. Bc2 Kg8 77. Bg6 Kf8 78. Nf5
Kg8 79. Nh6+ Kf8 80. Bf5 Ke8 81. Be6 Kf8 82. Ng4 Ke8 83. Ne5 Kf8 84. Ng6+ Ke8
85. Ke5 Kd8 86. Kd6 Ke8 87. Bd5 Kd8 88. Bf7 Kc8 89. Ne7+ Kd8 90. Nc6+ Kc8 91.
Na5 Kd8 92. Nb7+ Kc8 93. Nc5 Kd8 94. Ne6+ Kc8 95. Kc6 Kb8 96. Kb6 Kc8 97. Be8
Kb8 98. Bd7 Ka8 99. Nc7+ Kb8 100. Na6+ 1-0

[Event "Monarch Assurance Isle of Man 11th"]
[Site "Port Erin IOM"]
[Date "2002.10.04"]
[Round "7.29"]
[White "Ormsby, Alan"]
[Black "Harborne, Matthew"]
[Result "0-1"]
[WhiteElo "2069"]
[BlackElo "2075"]
[PlyCount "91"]
[EventDate "2002.09.28"]
[EventType "swiss"]
[EventRounds "9"]
[EventCountry "IOM"]
[SourceTitle "BritBase"]
[SourceDate "2008.07.14"]
[SourceVersion "1"]
[SourceVersionDate "2008.07.14"]
[SourceQuality "2"]

1. e4 c6 2. d4 d5 3. e5 Bf5 4. Nf3 e6 5. Be2 c5 6. Be3 Qb6 7. Qc1 Nc6 8. c3 Rc8
9. O-O cxd4 10. Nxd4 Nxd4 11. Bxd4 Bc5 12. Bxc5 Qxc5 13. Qg5 Bg6 14. Nd2 Ne7
15. Nb3 Qb6 16. Qd2 Nc6 17. Qf4 O-O 18. Rac1 Qc7 19. Nc5 Nxe5 20. b4 Nd7 21.
Qxc7 Rxc7 22. Nxd7 Rxd7 23. c4 d4 24. Bf3 d3 25. Rfd1 Rfd8 26. Rd2 Rc8 27. c5
e5 28. Bg4 f5 29. Bd1 e4 30. g3 Rdc7 31. f3 Re7 32. Bb3+ Bf7 33. Bxf7+ Kxf7 34.
fxe4 fxe4 35. Re1 Rd8 36. Kf2 Rd4 37. a3 Rd5 38. Ke3 Ke8 39. Rf1 Kd7 40. Rf4
Rde5 41. g4 Kc6 42. Rf5 Rxf5 43. gxf5 Kd5 44. Rd1 Ke5 45. Rf1 Rd7 46. Rf2 0-1

[Event "Monarch Assurance Isle of Man 11th"]
[Site "Port Erin IOM"]
[Date "2002.10.04"]
[Round "7.30"]
[White "Kelly, David"]
[Black "Waugh, Jonathon C"]
[Result "1/2-1/2"]
[WhiteElo "1860"]
[BlackElo "1930"]
[PlyCount "28"]
[EventDate "2002.09.28"]
[EventType "swiss"]
[EventRounds "9"]
[EventCountry "IOM"]
[SourceTitle "BritBase"]
[SourceDate "2008.07.14"]
[SourceVersion "1"]
[SourceVersionDate "2008.07.14"]
[SourceQuality "2"]

1. e4 c5 2. Nf3 d6 3. Bb5+ Bd7 4. Bxd7+ Qxd7 5. O-O Nc6 6. c3 Nf6 7. Re1 e5 8.
d4 Be7 9. h3 O-O 10. Bg5 Rad8 11. dxc5 dxc5 12. Na3 a6 13. Qxd7 Nxd7 14. Bxe7
Nxe7 1/2-1/2

[Event "Monarch Assurance Isle of Man 11th"]
[Site "Port Erin IOM"]
[Date "2002.10.04"]
[Round "7.31"]
[White "Hanley, James"]
[Black "Cheshire, Paul"]
[Result "1-0"]
[WhiteElo "1990"]
[BlackElo "1775"]
[PlyCount "109"]
[EventDate "2002.09.28"]
[EventType "swiss"]
[EventRounds "9"]
[EventCountry "IOM"]
[SourceTitle "BritBase"]
[SourceDate "2008.07.14"]
[SourceVersion "1"]
[SourceVersionDate "2008.07.14"]
[SourceQuality "2"]

1. e4 e6 2. d4 d5 3. e5 c5 4. c3 Nc6 5. Nf3 Qb6 6. a3 cxd4 7. cxd4 Nge7 8. b4
Nf5 9. Bb2 Be7 10. Be2 O-O 11. O-O Bd7 12. Qd3 Rac8 13. Nbd2 a6 14. Nb3 Na7 15.
Rac1 Bb5 16. Qd2 Bxe2 17. Qxe2 Qb5 18. Qxb5 Nxb5 19. a4 Na7 20. Nc5 Nc6 21. Bc3
Bxc5 22. bxc5 h6 23. Rb1 Rc7 {(=)} 24. Rb2 f6 25. exf6 Rxf6 26. Rfb1 Rff7 27.
h3 Rfd7 28. Re2 Kf7 29. Rbe1 g6 30. Rxe6 Ng7 31. R6e2 Nf5 32. g4 Ng7 33. Bd2 h5
34. gxh5 gxh5 35. Bf4 Rc8 36. Be5 Rg8 37. Kh2 Nf5 38. Rb2 Re7 39. Reb1 Na5 40.
Rb6 Rg6 41. Rxg6 Kxg6 42. Rg1+ Kf7 43. Rg5 Ke6 44. Rxh5 Nc4 45. Bf4 Nb2 46. Rg5
Nxa4 47. h4 Rf7 48. Rg6+ Kd7 49. Ne5+ Ke7 50. Bg5+ Kf8 51. Nxf7 Nxd4 52. Nd6
Nxc5 53. Be3 Nde6 54. Bxc5 Nxc5 55. h5 1-0

[Event "Monarch Assurance Isle of Man 11th"]
[Site "Port Erin IOM"]
[Date "2002.10.05"]
[Round "8.3"]
[White "Fridman, Daniel"]
[Black "Felgaer, Ruben"]
[Result "1-0"]
[WhiteElo "2577"]
[BlackElo "2528"]
[PlyCount "87"]
[EventDate "2002.09.28"]
[EventType "swiss"]
[EventRounds "9"]
[EventCountry "IOM"]
[SourceTitle "BritBase"]
[SourceDate "2008.07.14"]
[SourceVersion "1"]
[SourceVersionDate "2008.07.14"]
[SourceQuality "2"]

1. Nf3 c5 2. c4 g6 3. e4 Bg7 4. d4 cxd4 5. Nxd4 Nc6 6. Be3 Nf6 7. Nc3 O-O 8.
Be2 d6 9. O-O Nxd4 10. Bxd4 Bd7 11. Qd2 Bc6 12. f3 a5 13. b3 Nd7 14. Be3 Nc5
15. Rab1 Qb6 16. Rfc1 Rfc8 17. Rc2 h5 18. Bf1 Kh7 19. Nd5 Qd8 20. Bg5 Bxd5 21.
exd5 Qf8 22. Re1 Re8 23. Bh4 Bf6 24. Bf2 Qg7 25. g3 e5 26. dxe6 Nxe6 27. Rd1
Nc5 28. Rcc1 Be5 29. Bg2 Re6 30. f4 Bf6 31. Bd5 Re7 32. Bf3 Re6 33. Bd5 Re7 34.
Bf3 Re6 35. Kf1 Ra6 36. Bd5 Re7 37. Bf3 Re6 38. Qc2 Kg8 39. Re1 b6 40. Rcd1
Rxe1+ 41. Rxe1 Ra7 42. Re8+ Kh7 43. Qd1 Be7 44. Bxh5 1-0

[Event "Monarch Assurance Isle of Man 11th"]
[Site "Port Erin IOM"]
[Date "2002.10.05"]
[Round "8.6"]
[White "Ledger, Andrew J"]
[Black "Zapata, Alonso"]
[Result "1/2-1/2"]
[WhiteElo "2408"]
[BlackElo "2549"]
[PlyCount "145"]
[EventDate "2002.09.28"]
[EventType "swiss"]
[EventRounds "9"]
[EventCountry "IOM"]
[SourceTitle "BritBase"]
[SourceDate "2008.07.14"]
[SourceVersion "1"]
[SourceVersionDate "2008.07.14"]
[SourceQuality "2"]

1. e4 c5 2. Nc3 Nc6 3. g3 g6 4. Bg2 Bg7 5. d3 d6 6. Be3 b6 7. Qd2 Bb7 8. Nge2
Qd7 9. O-O e6 10. d4 Nf6 11. dxc5 dxc5 12. Qxd7+ Nxd7 13. f4 O-O-O 14. e5 Nb4
15. Ne4 Bxe4 16. Bxe4 f5 17. a3 Nd5 18. Bxd5 exd5 19. Rfd1 Nf8 20. Bf2 Kc7 21.
b4 Kc6 22. c4 d4 23. Nc3 Ne6 24. b5+ Kb7 25. Nd5 Rd7 26. a4 Rhd8 27. a5 Rxd5
28. cxd5 Rxd5 29. axb6 axb6 30. Ra4 Nc7 31. Rb1 g5 32. Be1 gxf4 33. gxf4 Bh6
34. Bd2 Rd8 35. Kf2 Rg8 36. Ra3 Rg6 37. Rh3 c4 38. Rb4 c3 39. Bc1 Bf8 40. Rxd4
Bc5 41. Be3 Bxd4 42. Bxd4 c2 43. Bb2 h6 44. Rc3 Nd5 45. Rxc2 Nxf4 46. Kf3 Ne6
47. Rc6 Ng5+ {(=)} 48. Kf4 Rxc6 49. bxc6+ Kxc6 50. h4 Ne6+ 51. Kxf5 Kd7 52. h5
b5 53. Bc3 Ke7 54. Kg6 Nf4+ 55. Kxh6 b4 56. Ba1 Kf7 57. Kg5 Ne6+ 58. Kf5 Ng7+
59. Kg4 Ne6 60. Bb2 b3 61. Kf5 Ng7+ 62. Kg5 Ne6+ 63. Kg4 Kg8 64. Kf5 Ng7+ 65.
Kg6 Ne6 66. h6 Nf4+ 67. Kf5 Nd5 68. e6 Kh7 69. Bc1 Ne7+ 70. Ke4 Kg6 71. Kd4
Nf5+ 72. Kc3 Nxh6 73. Bxh6 1/2-1/2

[Event "Monarch Assurance Isle of Man 11th"]
[Site "Port Erin IOM"]
[Date "2002.10.05"]
[Round "8.7"]
[White "Hebden, Mark"]
[Black "Tyomkin, Dimitri"]
[Result "1-0"]
[WhiteElo "2534"]
[BlackElo "2482"]
[PlyCount "81"]
[EventDate "2002.09.28"]
[EventType "swiss"]
[EventRounds "9"]
[EventCountry "IOM"]
[SourceTitle "BritBase"]
[SourceDate "2008.07.14"]
[SourceVersion "1"]
[SourceVersionDate "2008.07.14"]
[SourceQuality "2"]

1. d4 d5 2. c4 c6 3. Nf3 Nf6 4. e3 Bg4 5. cxd5 Bxf3 6. Qxf3 cxd5 7. Nc3 Nc6 8.
Bd2 e6 9. Rc1 Be7 10. g4 Bb4 11. Bd3 O-O 12. g5 Bxc3 13. Rxc3 Ne4 14. Bxe4 dxe4
15. Qxe4 Qxg5 16. Rc5 Qe7 17. b4 Qd7 18. Rh5 f5 19. Qh4 h6 20. Rg1 Kh7 21. e4
f4 22. Bxf4 Rxf4 23. Qxf4 Qxd4 24. Qg4 Ne7 25. e5 Qa1+ 26. Ke2 Qxa2+ 27. Kf1
Qb1+ 28. Kg2 Qg6 29. Kh1 Qxg4 30. Rxg4 Rd8 31. Rh3 Nc6 {(=)} 32. Rhg3 Rd7 33.
Re4 Rd5 34. h4 a5 35. bxa5 Nxa5 36. Rf4 Rd7 37. Rf8 Nc6 38. f4 b5 39. f5 exf5
40. e6 Re7 41. Rf7 1-0

[Event "Monarch Assurance Isle of Man 11th"]
[Site "Port Erin IOM"]
[Date "2002.10.05"]
[Round "8.8"]
[White "Welling, Gerard"]
[Black "Miezis, Normunds"]
[Result "1-0"]
[WhiteElo "2393"]
[BlackElo "2510"]
[PlyCount "89"]
[EventDate "2002.09.28"]
[EventType "swiss"]
[EventRounds "9"]
[EventCountry "IOM"]
[SourceTitle "BritBase"]
[SourceDate "2008.07.14"]
[SourceVersion "1"]
[SourceVersionDate "2008.07.14"]
[SourceQuality "2"]

1. g3 c5 2. Bg2 Nc6 3. e4 g6 4. d3 Bg7 5. f4 d6 6. Nf3 e5 7. O-O Nge7 8. f5
gxf5 9. Nh4 f4 10. Qh5 Qd7 11. gxf4 Qg4 12. Qxg4 Bxg4 13. Nc3 Nd4 14. fxe5 Bxe5
15. Rf2 Ng6 16. Nf5 O-O-O 17. Nh6 Be6 18. Bg5 Rdf8 19. Raf1 c4 20. Nxf7 Rxf7
21. Rxf7 Bxf7 22. Rxf7 Nxc2 23. dxc4 Rg8 24. Nd5 Kb8 25. Kh1 Ne1 26. Bh3 Bxb2
27. Be6 Re8 28. Bf5 Ne5 29. Rxh7 N1f3 30. Be7 Nxc4 31. Kg2 Nd4 32. Nf6 Rxe7 33.
Rh8+ Kc7 34. Nd5+ Kc6 35. Nxe7+ Kb5 36. Rc8 Ne3+ 37. Kg3 Nf1+ 38. Kf2 Nxh2 39.
Bd7+ Ka6 40. Rc4 b5 41. Rc7 b4 42. Nd5 Nhf3 43. Nxb4+ Ka5 44. Nd5 a6 45. Rc4
1-0

[Event "Monarch Assurance Isle of Man 11th"]
[Site "Port Erin IOM"]
[Date "2002.10.05"]
[Round "8.9"]
[White "Grunberg, Mihai"]
[Black "Rotstein, Arkadij"]
[Result "1-0"]
[WhiteElo "2445"]
[BlackElo "2557"]
[PlyCount "151"]
[EventDate "2002.09.28"]
[EventType "swiss"]
[EventRounds "9"]
[EventCountry "IOM"]
[SourceTitle "BritBase"]
[SourceDate "2008.07.14"]
[SourceVersion "1"]
[SourceVersionDate "2008.07.14"]
[SourceQuality "2"]

1. f4 d5 2. Nf3 g6 3. g3 Bg7 4. Bg2 Nh6 5. d3 d4 6. c3 c5 7. e4 dxe3 8. Bxe3
Nd7 9. O-O O-O 10. Na3 Rb8 11. Nc2 b6 12. d4 Bb7 13. Ne5 cxd4 14. Nxd7 Qxd7 15.
Bxd4 Bxg2 16. Kxg2 Qb5 17. Bxg7 Kxg7 18. Qd4+ Kg8 19. c4 Qc6+ 20. Qd5 Qxd5+ 21.
cxd5 Nf5 22. Rac1 Rbc8 23. Kf2 Rc5 24. Ne3 Nxe3 25. Kxe3 Rxd5 26. Rc7 Rfd8 27.
Rxe7 Rd3+ 28. Kf2 Rd2+ 29. Re2 Kg7 30. Rc1 R8d7 31. Rc2 R2d4 32. Ke3 Kf6 33.
Kf3 h5 34. Rc6+ Kg7 35. Rcc2 Rd1 36. Kf2 R1d3 37. Re3 R3d5 38. Rec3 Rd2+ 39.
Ke3 Rd1 40. Rc7 Rxc7 41. Rxc7 Rh1 42. Rxa7 Rxh2 43. b3 Rc2 44. Rb7 Rc3+ 45. Kf2
Rc6 46. g4 h4 47. Kg2 Rf6 48. Kh3 Rxf4 49. Rxb6 g5 50. a4 Rf3+ 51. Kh2 Rf2+ 52.
Kh3 Rf3+ 53. Kh2 Rf2+ 54. Kh3 Ra2 55. Rb5 f6 56. a5 Kf7 57. b4 Ke6 58. Rb6+ Ke5
59. a6 Ra3+ 60. Kh2 Kf4 61. b5 Ra2+ 62. Kg1 Ra1+ 63. Kh2 f5 64. Rc6 Ra2+ 65.
Kg1 Kxg4 66. Rc1 h3 67. Rb1 h2+ 68. Kh1 Kh3 69. Rb3+ Kh4 70. b6 Ra1+ 71. Kxh2
Ra2+ 72. Kg1 Ra1+ 73. Kf2 Ra2+ 74. Ke1 Ra1+ 75. Kd2 Ra2+ 76. Kc3 1-0

[Event "Monarch Assurance Isle of Man 11th"]
[Site "Port Erin IOM"]
[Date "2002.10.05"]
[Round "8.10"]
[White "Cioara, Andrei Nestor"]
[Black "Lalic, Bogdan"]
[Result "1/2-1/2"]
[WhiteElo "2414"]
[BlackElo "2540"]
[PlyCount "30"]
[EventDate "2002.09.28"]
[EventType "swiss"]
[EventRounds "9"]
[EventCountry "IOM"]
[SourceTitle "BritBase"]
[SourceDate "2008.07.14"]
[SourceVersion "1"]
[SourceVersionDate "2008.07.14"]
[SourceQuality "2"]

1. e4 e5 2. Nf3 Nc6 3. d4 exd4 4. Nxd4 Bc5 5. Be3 Qf6 6. c3 Nge7 7. Bc4 b6 8.
O-O Bb7 9. Nb5 O-O-O 10. Bxc5 bxc5 11. Qa4 d5 12. Be2 dxe4 13. Nxa7+ Nxa7 14.
Qxa7 Qb6 15. Qxb6 cxb6 1/2-1/2

[Event "Monarch Assurance Isle of Man 11th"]
[Site "Port Erin IOM"]
[Date "2002.10.05"]
[Round "8.11"]
[White "Collins, Sam IRL"]
[Black "Kogan, Artur"]
[Result "0-1"]
[WhiteElo "2313"]
[BlackElo "2530"]
[PlyCount "56"]
[EventDate "2002.09.28"]
[EventType "swiss"]
[EventRounds "9"]
[EventCountry "IOM"]
[SourceTitle "BritBase"]
[SourceDate "2008.07.14"]
[SourceVersion "1"]
[SourceVersionDate "2008.07.14"]
[SourceQuality "2"]

1. e4 c5 2. Nf3 Nc6 3. d4 cxd4 4. Nxd4 Qc7 5. Nc3 e6 6. g3 a6 7. Bg2 h5 8. O-O
h4 9. Re1 hxg3 10. hxg3 Bc5 11. Be3 Ne5 12. Bf4 d6 13. Nb3 Ba7 14. Qe2 Nf6 15.
Rad1 b5 16. Nd4 Bd7 17. Nf3 Nfg4 18. Rf1 b4 19. Nxe5 Nxe5 20. Nb1 Bb5 21. Qd2
Bxf1 22. Kxf1 Qc4+ 23. Kg1 Ng4 24. Rf1 e5 25. Bg5 f6 26. Be3 Bxe3 27. fxe3 Ke7
28. c3 Rh2 0-1

[Event "Monarch Assurance Isle of Man 11th"]
[Site "Port Erin IOM"]
[Date "2002.10.05"]
[Round "8.13"]
[White "Rayner, Francis"]
[Black "Ward, Chris"]
[Result "0-1"]
[WhiteElo "2219"]
[BlackElo "2498"]
[PlyCount "146"]
[EventDate "2002.09.28"]
[EventType "swiss"]
[EventRounds "9"]
[EventCountry "IOM"]
[SourceTitle "BritBase"]
[SourceDate "2008.07.14"]
[SourceVersion "1"]
[SourceVersionDate "2008.07.14"]
[SourceQuality "2"]

1. c4 b6 2. Nc3 Bb7 3. d4 e6 4. a3 Nf6 5. Nf3 d5 6. cxd5 Nxd5 7. Qc2 Nxc3 8.
bxc3 Nd7 9. e4 Be7 10. Bd3 c5 11. O-O Qc7 12. Qe2 O-O 13. Re1 Rac8 14. d5 c4
15. Bc2 exd5 16. e5 Nc5 17. Nd4 Rce8 18. Qh5 g6 19. Qf3 Ne4 20. Bxe4 dxe4 21.
Qg3 Bc5 22. Bf4 Bxd4 23. cxd4 Qd7 24. Rad1 f5 25. exf6 Rxf6 26. Be5 Rf5 27. Rc1
Bd5 28. Rc3 Ref8 29. Rf1 Qd8 30. Qe3 Qg5 31. Qxg5 Rxg5 32. Bg3 Bf7 33. Be5 Rf5
34. Re1 Bd5 35. Re2 b5 36. Rb2 a6 37. h3 R5f7 38. a4 b4 39. Rxb4 Rxf2 40. Bd6
Rf1+ 41. Kh2 R8f2 42. Rb8+ Kf7 43. Re3 Rf5 44. Be5 Ke7 45. Rb6 Rd1 46. Rxa6 Rd3
47. Ra7+ Ke8 48. Re1 e3 49. Ra5 Be4 50. Rb1 Rb3 51. Rg1 e2 52. Bc7 Rf1 53. Re5+
Kd7 54. Rxe4 Rbb1 55. Rxe2 Rxg1 56. Be5 Rge1 57. Rc2 Rec1 58. Rf2 Rf1 59. Rc2
Rbc1 60. Rb2 Rb1 61. Rc2 Rb4 62. a5 Kc6 63. Ra2 Rf7 64. a6 Ra7 65. Ra3 Kb5 66.
d5 Rb3 67. Ra2 Rxa6 68. Rf2 Rd3 69. d6 Raxd6 70. Bxd6 Rxd6 71. Rb2+ Kc5 72. Kg3
c3 73. Rc2 Kc4 0-1